Ética y valores 2

Bibliographic Details
Main Author: Pacheco Martínez, Marta elena
Format: Section = Libro
Language:Undetermined
Spanish
Published: México Limusa 2007
Subjects:
LEADER 00518nam a2200193Ia 4500
008 240829s9999 xx 000 0 und d
020 |a 978-968-18-6906 
040 |a BIBLIOTECA-RUPAP 170 P116 
041 |a spa 
082 |a 170 P116 
100 1 |a Pacheco Martínez, Marta elena 
245 1 0 |a Ética y valores 2 
260 |a México  |b Limusa  |c 2007 
300 |a 360 p. :il. 
650 7 |a ETICA 
650 7 |b  VALORES. I. Sierra González, Maria Tereza, coaut. II. Tít. 
942 |c BK  |2 ddc 
991 |a TEXTO 
999 |c 7361